Statistics for The Mine Song but you have to name all the things Stingy says are his

Click here to take the quiz!

General Stats

  • This quiz has been taken 17 times
  • The average score is 9 of 16

Answer Stats

Answer % Correct
Mailbox
88%
The Month of June
75%
Triagonal Sign
75%
Blue Balloon
75%
All Your Feelings
63%
West
50%
Instrumental Lick
50%
East
50%
Floor
50%
Ceiling
50%
Both Your Feet
50%
Ziggy's Sweets
50%
That Birdie's Tweets
50%
The City Streets
50%
North
50%
South
50%

Score Distribution

Percentile by Number Answered

Percent of People with Each Score

Your Score History

You have not taken this quiz